000
00285nam a22001337a 4500
008
180911b xxu||||| |||| 00| 0 eng d
020
_a
0962869600
041
_a
eng
080
_a
573
100
_a
11
101
_a
BIO
245
_a
Entomology & Death
_c
Catts, E.P
942
_2
udc
_c
BK
999
_c
47686
_d
47686